000 00394nam a22001697a 4500
003 MPLRDC
005 20220104163555.0
008 210129b ||||| |||| 00| 0 eng d
020 _a0-07-011553-2
082 _a805.5 COF
100 _aMARY E. COFFMAN
245 _aFRENCH GRAMMAR
_c
260 _a
_bSCHAUM'S OUTLINE SERIES
_c1950
300 _b
650 _a
942 _cBK
_o805.5 COF
999 _c56527
_d56517